000 00826nam a2200217Ia 4500
001 11309
003 GE_BSU
008 181216s||||||||xx |||||||||||||| ||und||
040 _cGE_BSU
080 _a591.51
100 _aშოვენი რემი
245 _aფუტკრიდან გორილამდე
245 _cრედ: ც. უნდელაშვილი, მხატვ: გ. ავსაჯანიშვილი, თარგმ: ანზორ ჯუღელისა
260 _aთბილისი
260 _bსაბჭოთა საქართველო
260 _c1977
300 _a802გვ.21სმ.
300 _eილ. ბიბლიოგრაფია გვ.301
653 _aფუტკრიდან გორილამდე
942 _cBK
999 _c44511
_d44511